Odbory očima české veřejnosti

Výskum Sociologického ústavu AV ČR zameraný na problematiku ekológie, lokálnej politiky a odborov. Ako nazerá česká spoločnosť na činnosť odborov v ČR. Faktory ovplyvňujúce postoj k odborom: zamestnanci štátnych podnikov, zamestnanci súkromných podnikov, súkromní podnikatelia, politická orientácia,...

Ausführliche Beschreibung

Gespeichert in:
Bibliographische Detailangaben
1. Verfasser: Vlachová, Klára
Format: Buchkapitel
Sprache:Tschechisch
Schlagworte:
Tags: Tag hinzufügen
Keine Tags, Fügen Sie das erste Tag hinzu!

MARC

LEADER 00000naa a2200000 4500
001 r015341
005 20221205090544.0
041 0 |a cze 
044 |a CZ 
245 1 0 |a Odbory očima české veřejnosti  |c K. Vlachová 
520 |a Výskum Sociologického ústavu AV ČR zameraný na problematiku ekológie, lokálnej politiky a odborov. Ako nazerá česká spoločnosť na činnosť odborov v ČR. Faktory ovplyvňujúce postoj k odborom: zamestnanci štátnych podnikov, zamestnanci súkromných podnikov, súkromní podnikatelia, politická orientácia, spoločenské sebazaradenie, profesia, vzdelanie, regióny. 
610 2 0 |a odbory 
610 2 0 |a výskum sociologický 
610 2 0 |a Česko 
100 1 |a Vlachová, Klára